| 000 | 01401nam a2200337 4500 | ||
|---|---|---|---|
| 001 | 209 | ||
| 003 | OSt | ||
| 005 | 20250528074014.0 | ||
| 008 | 250203b |||||||g |||| 00| 1 eng d | ||
| 020 | _a8508047290 | ||
| 040 | _bpor | ||
| 041 |
_heng _apor |
||
| 082 |
_a823 _bD754e |
||
| 100 | 1 |
_aDoyle, Arthur Conan, _d1859-1930 _9388 |
|
| 240 | _aA study in scarlet | ||
| 245 |
_aUm estudo em vermelho / _cDoyle, Arthur Conan ; Tradução de Heloisa Jahn |
||
| 260 |
_aSão Paulo _bÁtica _c1998 |
||
| 300 | _a151 p. | ||
| 520 | _aO cadáver de um homem, nenhuma razão para o crime. É a primeira investigação de Sherlock Holmes, que fareja o assassino como um “cão de caça”. Lamentava-se de que “não há mais crimes nem criminosos nos nossos dias”, quando, nesse instante, recebe uma carta a pedir a sua ajuda — o cadáver de um homem foi encontrado numa casa desabitada, mas não há qualquer indício de roubo ou da natureza da morte. Sherlock Holmes não resiste ao apelo, mas sabe que o mérito irá sempre para a Polícia | ||
| 650 | 0 |
_aLiteratura Inglesa _989 |
|
| 650 | 0 |
_aCrime e Investigação _913 |
|
| 650 | 0 |
_aRomance Policial _911 |
|
| 650 | 0 |
_aSuspense _910 |
|
| 650 | 0 |
_aMistério _942 |
|
| 650 | 0 |
_aClássicos _977 |
|
| 650 | 0 |
_aFilme _926 |
|
| 655 | 0 |
_aRomance _923 |
|
| 655 | 0 |
_aFicção _922 |
|
| 700 |
_aHeloisa Jahn _eTradutor _9392 |
||
| 942 |
_2ddc _n0 _cBK |
||
| 999 |
_c209 _d209 |
||